[Event "BIH-chT1B"]
[Site "Neum"]
[Date "2012.08.29"]
[Round "7.2"]
[White "Catovic, Sulejman"]
[Black "Smailkadic, Nadir"]
[Result "0-1"]
[WhiteElo "2224"]
[BlackElo "2152"]
[PlyCount "96"]
[EventDate "2012.08.25"]
[EventType "team-tourn"]
[EventRounds "9"]
[EventCountry "BIH"]
[SourceTitle "CBM 150 Extra"]
[Source "ChessBase"]
[SourceDate "2012.10.19"]
[SourceVersion "1"]
[SourceVersionDate "2012.10.19"]
[SourceQuality "1"]

1. d4 e6 2. Nf3 d5 3. e3 f5 4. Nbd2 Bd6 5. c4 c6 6. b3 Nf6 7. Bb2 0-0 8. Be2 Bd7 9. 0-0 Be8 10. Ne5 Nbd7 11. f4 Ne4 12. Nxe4 fxe4 13. Nxd7 Qxd7 14. c5 Bc7 15. b4 a5 16. a3 Rf6 17. Kh1 Rh6 18. Kg1 Qe7 19. Qe1 Kh8 20. g3 Bg6 21. g4 Rh3 22. Qf2 h5 23. Kg2 hxg4 24. Bxg4 Rh6 25. h3 Bf5 26. Bc3 g5 27. Rh1 Rg8 28. fxg5 Qxg5 29. Rag1 Bxg4 30. hxg4 Qxg4+ 31. Kf1 Qd1+ 32. Be1 Qd3+ 33. Qe2 Rxg1+ 34. Rxg1 Rh2 35. Qxd3 exd3 36. Rg2 Rh1+ 37. Rg1 Rxg1+ 38. Kxg1 e5 39. dxe5 Bxe5 40. Kf2 Bb2 41. Bd2 Bxa3 42. Bc3+ Kh7 43. bxa5 Bxc5 44. Kf3 Kg6 45. Kf4 Bd6+ 46. Kf3 Kf5 47. Bd2 Ba3 48. Bc3 c5 0-1

[Event "BIH-chT1B"]
[Site "Neum"]
[Date "2012.08.27"]
[Round "4.1"]
[White "Kovacic, Dubravko"]
[Black "Catovic, Sulejman"]
[Result "1/2-1/2"]
[WhiteElo "2119"]
[BlackElo "2224"]
[PlyCount "79"]
[EventDate "2012.08.25"]
[EventType "team-tourn"]
[EventRounds "9"]
[EventCountry "BIH"]
[SourceTitle "CBM 150 Extra"]
[Source "ChessBase"]
[SourceDate "2012.10.19"]
[SourceVersion "1"]
[SourceVersionDate "2012.10.19"]
[SourceQuality "1"]

1. e4 c5 2. Nf3 e6 3. c4 Nc6 4. Nc3 b6 5. d4 cxd4 6. Nxd4 Nxd4 7. Qxd4 a6 8. Bf4 Bc5 9. Qxg7 Qf6 10. Qxf6 Nxf6 11. f3 Rg8 12. Be5 Ke7 13. 0-0-0 d6 14. Bd4 Bxd4 15. Rxd4 Bd7 16. g3 Rac8 17. Be2 e5 18. Rd2 Be6 19. Kb1 Bxc4 20. Rhd1 Bxe2 21. Rxe2 b5 22. f4 b4 23. fxe5 dxe5 24. Nd5+ Nxd5 25. Rxd5 f6 26. Red2 Rc7 27. Rc2 Rgc8 28. Rxc7+ Rxc7 29. Ra5 Rc4 30. Rxa6 Rxe4 31. Ra7+ Ke6 32. Rxh7 Rc4 33. Rh4 e4 34. b3 Rd4 35. Kc2 Ke5 36. Rh5+ f5 37. Rh8 Kf6 38. Rc8 e3 39. Re8 Rd2+ 40. Kb1 1/2-1/2

[Event "BIH-chT1B"]
[Site "Neum"]
[Date "2012.08.25"]
[Round "1.4"]
[White "Jovanovic, Nenad1111"]
[Black "Catovic, Sulejman"]
[Result "1-0"]
[WhiteElo "2063"]
[BlackElo "2224"]
[PlyCount "48"]
[EventDate "2012.08.25"]
[EventType "team-tourn"]
[EventRounds "9"]
[EventCountry "BIH"]
[SourceTitle "CBM 150 Extra"]
[Source "ChessBase"]
[SourceDate "2012.10.19"]
[SourceVersion "1"]
[SourceVersionDate "2012.10.19"]
[SourceQuality "1"]

1. d4 Nf6 2. c4 g6 3. Nc3 Bg7 4. e4 d6 5. Be2 0-0 6. Bg5 Nbd7 7. Qd2 e5 8. d5 a6 9. h4 h5 10. g4 hxg4 11. Bxg4 Nb6 12. Be2 Qe8 13. h5 gxh5 14. Bxf6 Bxf6 15. Qh6 Bg7 16. Qxh5 f6 17. Qh7+ Kf7 18. Bh5+ Ke7 19. Bxe8 Kxe8 20. Qxg7 Rf7 21. Qg8+ Ke7 22. Rh7 Be6 23. Rxf7+ Bxf7 24. Qxa8 Nxa8 1-0